000 00208 a2200109 4500
020 _a9789706428219
041 _aspa
100 _aSantillana
245 _aFormacion en Valores 2
942 _cBK
952 _74
999 _c23555
_d23555